| LEADER | 01990nam a2200289 4500 | ||
|---|---|---|---|
| 082 | |a 895.922132 |b NG527NH | ||
| 100 | |a Nguyễn Nhược Pháp | ||
| 245 | |a Ngày xưa |c Nguyễn Nhược Pháp |b Thơ | ||
| 260 | |a H. |b Hội nhà văn |c 1995 | ||
| 300 | |a 45tr. |c 19cm | ||
| 500 | |a Đầu trang tên sách ghi; Thơ mới (1932-1945) tác gia và tác phẩm | ||
| 520 | |a vv | ||
| 653 | |a Văn học hiện đại | ||
| 653 | |a Thế kỷ 20 | ||
| 653 | |a Việt nam | ||
| 856 | |u Thơ | ||
| 942 | |2 ddc |c STK0 | ||
| 999 | |c 4211 |d 4211 | ||
| 952 | |0 0 |1 0 |2 ddc |4 0 |6 895_922132000000000_NG527NH |7 0 |8 800 |9 42530 |a qbu |b qbu |c D5 |d 2014-12-19 |g 7000 |o 895.922132 NG527NH |p 3853.C1 |r 0000-00-00 |w 2014-12-19 |y STK0 | ||
| 952 | |0 0 |1 0 |2 ddc |4 0 |6 895_922132000000000_NG527NH |7 0 |8 800 |9 42531 |a qbu |b qbu |c D5 |d 2014-12-19 |g 7000 |o 895.922132 NG527NH |p 3853.C2 |r 0000-00-00 |w 2014-12-19 |y STK0 | ||
| 952 | |0 0 |1 0 |2 ddc |4 0 |6 895_922132000000000_NG527NH |7 0 |8 800 |9 42532 |a qbu |b qbu |c D5 |d 2014-12-19 |g 7000 |o 895.922132 NG527NH |p 3853.C3 |r 0000-00-00 |w 2014-12-19 |y STK0 | ||
| 952 | |0 0 |1 0 |2 ddc |4 0 |6 895_922132000000000_NG527NH |7 0 |8 800 |9 42533 |a qbu |b qbu |c D5 |d 2014-12-19 |g 7000 |o 895.922132 NG527NH |p 3853.C4 |r 0000-00-00 |w 2014-12-19 |y STK0 | ||
| 952 | |0 0 |1 0 |2 ddc |4 0 |6 895_922132000000000_NG527NH |7 0 |8 800 |9 42534 |a qbu |b qbu |c D5 |d 2014-12-19 |g 7000 |o 895.922132 NG527NH |p 3853.C5 |r 0000-00-00 |w 2014-12-19 |y STK0 | ||
| 952 | |0 0 |1 0 |2 ddc |4 0 |6 895_922132000000000_NG527NH |7 0 |8 800 |9 42535 |a qbu |b qbu |c D5 |d 2014-12-19 |g 7000 |o 895.922132 NG527NH |p 3853.C6 |r 0000-00-00 |w 2014-12-19 |y STK0 | ||
| 952 | |0 0 |1 0 |2 ddc |4 0 |6 895_922132000000000_NG527NH |7 0 |8 800 |9 42536 |a qbu |b qbu |c D5 |d 2014-12-19 |g 7000 |o 895.922132 NG527NH |p 3853.C7 |r 0000-00-00 |w 2014-12-19 |y STK0 | ||
| 952 | |0 0 |1 0 |2 ddc |4 0 |6 895_922132000000000_NG527NH |7 0 |8 800 |9 42537 |a qbu |b qbu |c D5 |d 2014-12-19 |g 7000 |o 895.922132 NG527NH |p 3853.C8 |r 0000-00-00 |w 2014-12-19 |y STK0 | ||
| 952 | |0 0 |1 0 |2 ddc |4 0 |6 895_922132000000000_NG527NH |7 0 |8 800 |9 42538 |a qbu |b qbu |c D5 |d 2014-12-19 |g 7000 |o 895.922132 NG527NH |p 3853.C9 |r 0000-00-00 |w 2014-12-19 |y STK0 | ||